| 000 | 00864nam a2200253Ia 4500 | ||
|---|---|---|---|
| 003 | OSt | ||
| 005 | 20221005091602.0 | ||
| 006 | a|||||r|||| 00| 0 | ||
| 007 | ta | ||
| 008 | 221004b |||||||| |||| 00| 0 eng d | ||
| 020 |
_a1403960429 (hbk) _c5690.15 |
||
| 024 | _a2175 | ||
| 037 |
_b10898, 21/12/2012, Elite Publishers Distributors _cTextual |
||
| 040 |
_aCRL _cCRL _beng |
||
| 041 |
_2eng _aeng |
||
| 082 | _aO111:g(S51:55), P3 | ||
| 100 |
_aZeikowitz Richard E. _9616403 |
||
| 245 | 0 |
_aHomoeroticism and chivalry _b Discourses of male same - sex desire in the fourteenth century |
|
| 260 |
_aNew York _bPalgrave U.S.A _c2003 |
||
| 300 |
_a216p. _ccm. |
||
| 650 | _aENGLISH LITERATURE | ||
| 942 |
_hO111:g(S51:55), P3 _cTEXL _2cc |
||
| 999 |
_c997507 _d997507 |
||